000
00242nam a22001097a 4500
082
_a
621.384 TUC'R
100
_a
TUCKER, JOHN D,WILKINSON, DONALD F
_9
79926
245
_a
RADIO
250
_a
VOL-1
260
_a
LONDON
_b
EUP
_c
1952
942
_c
BK
999
_c
584906
_d
584906